Personnel research agencies, 1930 ed. (Record no. 35988)
[ view plain ]
| 000 -LEADER | |
|---|---|
| fixed length control field | 00639cam a22002171 4500 |
| 001 - CONTROL NUMBER | |
| control field | l 30000142 |
| 003 - CONTROL NUMBER IDENTIFIER | |
| control field | DLC |
| 005 - DATE AND TIME OF LATEST TRANSACTION | |
| control field | 20260227111532.0 |
| 008 - FIXED-LENGTH DATA ELEMENTS--GENERAL INFORMATION | |
| fixed length control field | 830118s1930 dcu 000 0 eng |
| 010 ## - LIBRARY OF CONGRESS CONTROL NUMBER | |
| LC control number | l 30000142 |
| 035 ## - SYSTEM CONTROL NUMBER | |
| System control number | (OCoLC)29100120 |
| 040 ## - CATALOGING SOURCE | |
| Original cataloging agency | DLC |
| Transcribing agency | MnU |
| Modifying agency | MH |
| -- | OCoLC |
| -- | DLC |
| 042 ## - AUTHENTICATION CODE | |
| Authentication code | premarc |
| 050 00 - LIBRARY OF CONGRESS CALL NUMBER | |
| Classification number | HD8051 |
| Item number | .A62 no. 518 |
| 100 1# - MAIN ENTRY--PERSONAL NAME | |
| Personal name | Stewart, Estelle M. |
| Fuller form of name | (Estelle May), |
| Dates associated with a name | 1887-1938. |
| 245 10 - TITLE STATEMENT | |
| Title | Personnel research agencies, 1930 ed. |
| 260 ## - PUBLICATION, DISTRIBUTION, ETC. | |
| Place of publication, distribution, etc. | Washington, |
| Name of publisher, distributor, etc. | U.S. Govt. print. off., |
| Date of publication, distribution, etc. | 1930. |
| 300 ## - PHYSICAL DESCRIPTION | |
| Extent | xiv, 197 p. |
| Dimensions | 23 cm. |
| 650 #0 - SUBJECT ADDED ENTRY--TOPICAL TERM | |
| Topical term or geographic name entry element | Personnel management. |
| 700 1# - ADDED ENTRY--PERSONAL NAME | |
| Personal name | Thompson, James David, |
| Dates associated with a name | 1873- |
No items available.